[Event "24. Torneo San Viator"]
[Site "Madrid ESP"]
[Date "2015.05.24"]
[Round "8.24"]
[White "Montero Montero, Juan Jose"]
[Black "Espinosa Palacios, Victoriano"]
[Result "1-0"]
[WhiteElo "1732"]
[BlackElo "1505"]
[PlyCount "81"]
[EventDate "2015.03.22"]
[EventType "swiss"]
[EventRounds "9"]
[EventCountry "ESP"]
[Source "lmi"]
[SourceDate "2015.03.22"]

1. b3 e5 2. Bb2 d6 3. e3 Nf6 4. h3 g6 5. Nc3 Bg7 6. d3 b6 7. Be2 Bb7 8. Bf3 d5
9. Qd2 O-O 10. O-O-O Nc6 11. g4 e4 12. dxe4 Ne5 13. exd5 Nxf3 14. Nxf3 Re8 15.
Rhe1 Qd7 16. e4 Rad8 17. Ng1 Qd6 18. f4 Nxe4 19. Rxe4 Qc5 20. Rxe8+ Rxe8 21.
Na4 Bxb2+ 22. Kxb2 Qd6 23. Nc3 Rd8 24. f5 Re8 25. Qd4 c6 26. Ne4 Rxe4 27. Qxe4
cxd5 28. fxg6 hxg6 29. Qd3 Qe6 30. Kb1 Kg7 31. Ne2 Qe7 32. Nc3 Qd7 33. Nxd5 b5
34. g5 a6 35. Qd4+ f6 36. Nxf6 Qxd4 37. Rxd4 Bc8 38. Rd8 Bxh3 39. Rb8 Bg2 40.
Rb6 b4 41. Rxb4 1-0

[Event "24. Torneo San Viator"]
[Site "Madrid ESP"]
[Date "2015.05.24"]
[Round "8.25"]
[White "Martin Rodriguez, Jose Luis"]
[Black "San Felipe Gonzalez, Tomas"]
[Result "0-1"]
[WhiteElo "1467"]
[BlackElo "1724"]
[PlyCount "71"]
[EventDate "2015.03.22"]
[EventType "swiss"]
[EventRounds "9"]
[EventCountry "ESP"]
[Source "lmi"]
[SourceDate "2015.03.22"]

1. e4 c5 2. Nf3 Nc6 3. d4 cxd4 4. Nxd4 g6 5. Nc3 Bg7 6. Be3 Nf6 7. Qd2 a6 8.
Be2 d5 9. Nxc6 bxc6 10. O-O-O Be6 11. f3 O-O 12. Bh6 Qa5 13. Bxg7 Kxg7 14. Qd4
Rfd8 15. Qe5 Kg8 16. Bc4 Nd7 17. Qg3 dxc4 18. f4 Kh8 19. h4 Qh5 20. Rdg1 Nf6
21. Qg5 Rd4 22. f5 gxf5 23. exf5 Bxf5 24. Re1 Qxg5+ 25. hxg5 Ne4 26. Rh6 Nxc3
27. bxc3 Rd6 28. Rh4 e6 29. Reh1 Bg6 30. Rxc4 Rd5 31. Rxc6 Rxg5 32. Rd1 Rxg2
33. Rd7 Rxc2+ 34. Kd1 Rxa2 35. Rb6 Rc8 36. Rb3 0-1

[Event "24. Torneo San Viator"]
[Site "Madrid ESP"]
[Date "2015.05.24"]
[Round "8.26"]
[White "Rodriguez Garcia, Alberto"]
[Black "Del Noval Perez, Jeronimo"]
[Result "1-0"]
[WhiteElo "1800"]
[BlackElo "1435"]
[PlyCount "41"]
[EventDate "2015.03.22"]
[EventType "swiss"]
[EventRounds "9"]
[EventCountry "ESP"]
[Source "lmi"]
[SourceDate "2015.03.22"]

1. d4 d5 2. c4 e6 3. Nc3 Nf6 4. Bg5 Be7 5. Nf3 Nbd7 6. e3 O-O 7. cxd5 exd5 8.
Bd3 b6 9. h4 Bb7 10. Ne2 c5 11. Ng3 c4 12. Bc2 Rc8 13. a3 Re8 14. Nf5 Bf8 15.
Rh3 h6 16. Bf4 Re6 17. Ne5 Nh5 18. Qxh5 Nxe5 19. Bxe5 b5 20. Rg3 f6 21. Nxh6+
1-0

[Event "24. Torneo San Viator"]
[Site "Madrid ESP"]
[Date "2015.05.24"]
[Round "8.28"]
[White "Valdes Sanchez, Jesus Manuel"]
[Black "Fernandez Santos, Nicolas"]
[Result "1/2-1/2"]
[WhiteElo "1588"]
[BlackElo "1343"]
[PlyCount "55"]
[EventDate "2015.03.22"]
[EventType "swiss"]
[EventRounds "9"]
[EventCountry "ESP"]
[Source "lmi"]
[SourceDate "2015.03.22"]

1. e4 e5 2. Bc4 Nc6 3. Nf3 Bc5 4. c3 d6 5. d4 exd4 6. cxd4 Bb4+ 7. Nc3 Nf6 8.
Ng5 O-O 9. O-O h6 10. Nxf7 Rxf7 11. Bxf7+ Kxf7 12. f3 Bd7 13. Qb3+ Kf8 14. Be3
Bxc3 15. bxc3 Rb8 16. Qc2 b6 17. Bc1 Qe7 18. a4 Na5 19. d5 c6 20. c4 cxd5 21.
cxd5 Rc8 22. Qd3 Qe5 23. Ba3 Bxa4 24. Bxd6+ Qxd6 25. Rxa4 Qc5+ 26. Kh1 Qc3 27.
Qa6 Rc4 28. Raa1 1/2-1/2

[Event "24. Torneo San Viator"]
[Site "Madrid ESP"]
[Date "2015.05.24"]
[Round "8.30"]
[White "Rodriguez Varela, Alvaro"]
[Black "Perez Puebla, David"]
[Result "1/2-1/2"]
[WhiteElo "1745"]
[BlackElo "1479"]
[PlyCount "62"]
[EventDate "2015.03.22"]
[EventType "swiss"]
[EventRounds "9"]
[EventCountry "ESP"]
[Source "lmi"]
[SourceDate "2015.03.22"]

1. e4 e6 2. d4 d5 3. Nc3 Nf6 4. e5 Nfd7 5. Nf3 c5 6. Be3 Nc6 7. dxc5 Bxc5 8.
Bxc5 Nxc5 9. Nb5 O-O 10. c3 a6 11. Nbd4 Nd7 12. Nxc6 bxc6 13. Bd3 Qc7 14. Qe2
c5 15. h4 c4 16. Bxh7+ Kxh7 17. Ng5+ Kg8 18. f4 Re8 19. Qh5 Nc5 20. Qh7+ Kf8
21. Qh8+ Ke7 22. Qxg7 Rf8 23. O-O-O Nd3+ 24. Kb1 Nf2 25. Nh7 Bd7 26. Qf6+ Ke8
27. Qg7 Qc5 28. Nxf8 Qxf8 29. Qf6 Qe7 30. Qh8+ Qf8 31. Qf6 Qe7 1/2-1/2

[Event "24. Torneo San Viator"]
[Site "Madrid ESP"]
[Date "2015.05.24"]
[Round "8.31"]
[White "Villaverde Casaluenga, Jose"]
[Black "Ramos Barbancho, Jose Manuel"]
[Result "1-0"]
[WhiteElo "1663"]
[BlackElo "1455"]
[PlyCount "83"]
[EventDate "2015.03.22"]
[EventType "swiss"]
[EventRounds "9"]
[EventCountry "ESP"]
[Source "lmi"]
[SourceDate "2015.03.22"]

1. b3 e5 2. Bb2 Nc6 3. e3 Nf6 4. d4 d6 5. dxe5 Ng4 6. exd6 cxd6 7. Nf3 a6 8.
Be2 Be6 9. O-O Rc8 10. Nd4 Qh4 11. Nf3 Qh6 12. c4 Be7 13. Nc3 O-O 14. Nd5 Bg5
15. h3 Nge5 16. Nxg5 Qxg5 17. f4 Qg6 18. fxe5 Bxh3 19. Bf3 Rfd8 20. Nf4 Qg5 21.
Nxh3 Qxe3+ 22. Kh1 dxe5 23. Qe1 Qc5 24. Bxc6 bxc6 25. Qxe5 Qxe5 26. Bxe5 f6 27.
Bc7 Rd7 28. Bb6 Re8 29. Rfe1 Re5 30. Rxe5 fxe5 31. Re1 Re7 32. Ng5 h5 33. Bc5
Re8 34. Bd6 g6 35. Rxe5 Rxe5 36. Bxe5 Kf8 37. Kg1 Ke7 38. Kf2 Kd7 39. Ke3 c5
40. Ke4 Kc6 41. Bg3 a5 42. Ke5 1-0

[Event "24. Torneo San Viator"]
[Site "Madrid ESP"]
[Date "2015.05.24"]
[Round "8.32"]
[White "Rojo Jorge, Luis"]
[Black "Martin Almenara, Alejandro"]
[Result "0-1"]
[WhiteElo "1433"]
[BlackElo "1616"]
[PlyCount "106"]
[EventDate "2015.03.22"]
[EventType "swiss"]
[EventRounds "9"]
[EventCountry "ESP"]
[Source "lmi"]
[SourceDate "2015.03.22"]

1. d4 Nf6 2. Nc3 e6 3. e4 Bb4 4. Bg5 h6 5. Bxf6 Qxf6 6. Qd2 b6 7. a3 Be7 8. Nb5
Bd8 9. O-O-O a6 10. Nc3 Bb7 11. Bd3 Qxd4 12. Nf3 Qc5 13. Kb1 Nc6 14. h4 Bf6 15.
g4 O-O-O 16. g5 hxg5 17. hxg5 Bd4 18. Nxd4 Nxd4 19. Qe3 e5 20. f4 exf4 21. Qxf4
Ne6 22. Qxf7 Qxg5 23. Qf1 Qf4 24. Bxa6 Qxf1 25. Bxb7+ Kxb7 26. Rhxf1 g5 27. b4
d6 28. Nb5 g4 29. Rg1 Rhg8 30. Rd2 Nf4 31. Kc1 g3 32. Nd4 Rde8 33. Ne2 Rxe4 34.
Kd1 Nxe2 35. Rxe2 Rxe2 36. Kxe2 Kc6 37. c4 b5 38. cxb5+ Kxb5 39. Kd3 g2 40. Kc2
Ka4 41. Kb2 Rg3 42. Kc2 Rxa3 43. Kb2 Rg3 44. Kc2 Kxb4 45. Kd2 c5 46. Rb1+ Kc4
47. Rg1 Kd4 48. Ke2 c4 49. Kd2 c3+ 50. Kc2 Kc4 51. Kc1 d5 52. Kc2 d4 53. Kd1 d3
0-1

[Event "24. Torneo San Viator"]
[Site "Madrid ESP"]
[Date "2015.05.24"]
[Round "8.33"]
[White "Bermejo Jimenez, Adolfo"]
[Black "Salgado Duarte, Pablo"]
[Result "0-1"]
[WhiteElo "1419"]
[BlackElo "1591"]
[PlyCount "122"]
[EventDate "2015.03.22"]
[EventType "swiss"]
[EventRounds "9"]
[EventCountry "ESP"]
[Source "lmi"]
[SourceDate "2015.03.22"]

1. e4 e5 2. Nf3 Nc6 3. Bb5 d6 4. d4 exd4 5. Bxc6+ bxc6 6. Nxd4 Bb7 7. Qd3 Nf6
8. Nc3 Be7 9. O-O O-O 10. Re1 Nd7 11. Qg3 Bh4 12. Qg4 Ne5 13. Qe2 Bc8 14. Bf4
Bg4 15. Qe3 Nc4 16. Qc1 Bd7 17. b3 Na5 18. Qd2 Nb7 19. b4 c5 20. bxc5 Nxc5 21.
Nf3 Bf6 22. Rab1 Re8 23. Bg5 Bc6 24. Bxf6 Qxf6 25. Nd5 Bxd5 26. exd5 Kf8 27.
Qa5 Rec8 28. Re2 Nd7 29. Rbe1 Nb6 30. Qb5 g6 31. Qd3 Nd7 32. Qd4 Qxd4 33. Nxd4
Nb6 34. c4 Nxc4 35. Re7 Ne5 36. Nc6 Nxc6 37. dxc6 Re8 38. Rxe8+ Rxe8 39. Rb1
Re5 40. Rc1 Ke7 41. f4 Rc5 42. Rxc5 dxc5 43. Kf2 Kd6 44. Ke3 f5 45. Kd3 Kxc6
46. Kc4 a6 47. h3 Kd6 48. a3 Kc6 49. a4 Kd6 50. g4 Kc6 51. a5 Kd6 52. g5 Kc6
53. h4 Kd6 54. Kc3 Kd5 55. Kd3 c6 56. Kc3 c4 57. Kc2 Kd4 58. Kd2 c3+ 59. Kc1
Kd3 60. Kd1 c5 61. Kc1 Ke3 0-1

[Event "24. Torneo San Viator"]
[Site "Madrid ESP"]
[Date "2015.05.24"]
[Round "8.34"]
[White "Jimenez Gallego, Rafael"]
[Black "Aranda Perez, Ivan"]
[Result "0-1"]
[WhiteElo "1544"]
[BlackElo "1413"]
[PlyCount "112"]
[EventDate "2015.03.22"]
[EventType "swiss"]
[EventRounds "9"]
[EventCountry "ESP"]
[Source "lmi"]
[SourceDate "2015.03.22"]

1. e4 d6 2. Nf3 g6 3. c3 Bg7 4. Be2 Nf6 5. d3 Bg4 6. h3 Bxf3 7. Bxf3 c6 8. O-O
O-O 9. Be3 Nbd7 10. Nd2 Ne5 11. Be2 c5 12. Nf3 Nc6 13. Qc2 Rc8 14. Rad1 Nd7 15.
d4 cxd4 16. Nxd4 Nxd4 17. Bxd4 Bxd4 18. Rxd4 Ne5 19. Rfd1 Qc7 20. Qb3 Kg7 21.
Kh1 a6 22. f4 Nc6 23. Rc4 b5 24. Rcd4 Nxd4 25. Rxd4 e5 26. fxe5 dxe5 27. Rd1
Qe7 28. a4 Rb8 29. axb5 axb5 30. Bxb5 Rfd8 31. Rxd8 Qxd8 32. c4 Qf6 33. Qd1 Rd8
34. Qe2 Qf4 35. b3 Rd2 36. Qf3 Qxf3 37. gxf3 Rb2 38. Ba4 Kf6 39. c5 Ke7 40. c6
Kd6 41. Kg1 f6 42. Kf1 f5 43. exf5 gxf5 44. Kg1 e4 45. fxe4 fxe4 46. h4 h5 47.
Kf1 e3 48. Ke1 Kc7 49. Kf1 Kd6 50. Ke1 Rh2 51. b4 Rxh4 52. Ke2 Rxb4 53. Bd1 Re4
54. Kd3 Re5 55. Bf3 h4 56. Bg2 e2 0-1

[Event "24. Torneo San Viator"]
[Site "Madrid ESP"]
[Date "2015.05.24"]
[Round "8.36"]
[White "Cuerda Montagud, Tomas"]
[Black "Gonzalez Hilla, Antonio"]
[Result "1-0"]
[WhiteElo "1321"]
[BlackElo "1541"]
[PlyCount "66"]
[EventDate "2015.03.22"]
[EventType "swiss"]
[EventRounds "9"]
[EventCountry "ESP"]
[Source "lmi"]
[SourceDate "2015.03.22"]

1. e4 c5 2. Nf3 Nc6 3. c3 e5 4. Bc4 h6 5. d4 cxd4 6. cxd4 Qa5+ 7. Bd2 Qb6 8.
Bc3 Bb4 9. O-O Bxc3 10. bxc3 Qb2 11. Nbd2 exd4 12. cxd4 Nxd4 13. Nxd4 Qxd4 14.
Bb3 Nf6 15. Re1 O-O 16. h3 d6 17. Rc1 Qb6 18. Nc4 Qb4 19. Nxd6 Rd8 20. e5 Kf8
21. Qf3 Rxd6 22. exd6 Qxd6 23. Rcd1 Qb6 24. Qe2 Qc7 25. Qd2 Bf5 26. Qb4+ Kg8
27. Re7 Bd7 28. Bxf7+ Kh7 29. Qb1+ Kh8 30. Be6 Rd8 31. Qg6 Ne8 32. Bxd7 Qb8 33.
Rxe8+ Rxe8 1-0

[Event "24. Torneo San Viator"]
[Site "Madrid ESP"]
[Date "2015.05.24"]
[Round "8.37"]
[White "Garcia Rojas, Juan Carlos"]
[Black "Garcia Seijas, Adrian"]
[Result "0-1"]
[WhiteElo "1528"]
[BlackElo "1411"]
[PlyCount "104"]
[EventDate "2015.03.22"]
[EventType "swiss"]
[EventRounds "9"]
[EventCountry "ESP"]
[Source "lmi"]
[SourceDate "2015.03.22"]

1. e4 d6 2. d4 Nf6 3. Bd3 g6 4. Nf3 Bg7 5. O-O O-O 6. Re1 Nbd7 7. Bf4 Nh5 8.
Be3 c5 9. c3 b6 10. Qd2 Re8 11. Na3 a6 12. Rab1 b5 13. Nc2 Bb7 14. d5 Ndf6 15.
h3 c4 16. g4 cxd3 17. Qxd3 Qc8 18. Kh2 Nxg4+ 19. hxg4 Qxg4 20. Bg5 h6 21. Rg1
Nf4 22. Rxg4 Nxd3 23. Be3 h5 24. Rgg1 Bc8 25. Rgd1 Bg4 26. Rxd3 Bxf3 27. Bd4
Bxe4 28. Rd2 Bxd4 29. Rxd4 Bxc2 30. Re1 Bf5 31. Rg1 Rac8 32. a3 Rc5 33. Kg3
Rec8 34. Re1 Kf8 35. f3 Rc4 36. Rd2 h4+ 37. Kh2 g5 38. Rf2 Rf4 39. Rfe2 Rc7 40.
Rg1 f6 41. Re3 a5 42. b3 Kf7 43. Rg2 a4 44. b4 Rfc4 45. Rf2 Rxc3 46. Ree2 Rxa3
47. f4 Rh3+ 48. Kg2 g4 49. Rd2 Rcc3 50. Kg1 Be4 51. Rfe2 Rh1+ 52. Kf2 g3# 0-1

[Event "24. Torneo San Viator"]
[Site "Madrid ESP"]
[Date "2015.05.24"]
[Round "8.39"]
[White "Centeno Mateos, Domingo"]
[Black "Ingunza Curro, Andres"]
[Result "0-1"]
[WhiteElo "1483"]
[BlackElo "1311"]
[PlyCount "72"]
[EventDate "2015.03.22"]
[EventType "swiss"]
[EventRounds "9"]
[EventCountry "ESP"]
[Source "lmi"]
[SourceDate "2015.03.22"]

1. d4 Nf6 2. c4 e5 3. dxe5 Ng4 4. Bf4 Nc6 5. Nf3 Bb4+ 6. Nbd2 Qe7 7. e3 Ngxe5
8. Be2 d6 9. a3 Nxf3+ 10. Bxf3 Bxd2+ 11. Qxd2 Bf5 12. O-O O-O 13. b4 Nd8 14.
Rfe1 Be4 15. Be2 Ne6 16. Bg3 Rfd8 17. f3 Bg6 18. Qc3 Rac8 19. b5 b6 20. a4 c6
21. e4 d5 22. exd5 cxd5 23. Bd3 dxc4 24. Bxg6 hxg6 25. Re3 Qd7 26. Rae1 Qd2 27.
R1e2 Qxc3 28. Rxc3 Rd3 29. Be1 Rd4 30. Ra3 Rd3 31. Bc3 Nc7 32. Kf2 Nd5 33. Rc2
Re8 34. Bb2 Nb4 35. Rxd3 Nxd3+ 36. Kf1 Re1# 0-1

[Event "24. Torneo San Viator"]
[Site "Madrid ESP"]
[Date "2015.05.24"]
[Round "8.40"]
[White "Torrecillas Adan, Luis"]
[Black "Mosteiro Montoro, Alvaro"]
[Result "1-0"]
[WhiteElo "1245"]
[BlackElo "1591"]
[PlyCount "113"]
[EventDate "2015.03.22"]
[EventType "swiss"]
[EventRounds "9"]
[EventCountry "ESP"]
[Source "lmi"]
[SourceDate "2015.03.22"]

1. e4 c5 2. Bc4 e6 3. Nc3 Nc6 4. Nf3 a6 5. a4 d6 6. d3 Be7 7. O-O Bd7 8. Re1
Bf6 9. Ne2 Ne5 10. Nxe5 Bxe5 11. c3 Ne7 12. d4 cxd4 13. cxd4 Bf6 14. d5 e5 15.
h3 O-O 16. a5 Ng6 17. Nc3 Bg5 18. Bf1 Bxc1 19. Qxc1 Rc8 20. g3 f5 21. exf5 Bxf5
22. h4 Qd7 23. Kh2 Bg4 24. Qd2 Qe7 25. Bg2 Rc4 26. Re4 Rxe4 27. Nxe4 h6 28. Ra4
Bf3 29. Qe3 Bxg2 30. Kxg2 Nxh4+ 31. gxh4 Qxh4 32. Qg3 Qe7 33. Qg6 Qh4 34. Ra3
Rf4 35. Rg3 Rf7 36. Nxd6 Rxf2+ 37. Kxf2 Qd4+ 38. Kg2 Qxd5+ 39. Kh3 Qh1+ 40. Kg4
Qd1+ 41. Kh4 Qh1+ 42. Rh3 Qe1+ 43. Qg3 Qb4+ 44. Kh5 Qxd6 45. Qb3+ Kh7 46. Qd3+
Qxd3 47. Rxd3 g6+ 48. Kh4 Kg7 49. Rd7+ Kf6 50. Rxb7 e4 51. Rb6+ Kf5 52. Rxa6 e3
53. Rc6 g5+ 54. Kh5 g4 55. a6 g3 56. a7 e2 57. Rc1 1-0

[Event "24. Torneo San Viator"]
[Site "Madrid ESP"]
[Date "2015.05.24"]
[Round "8.41"]
[White "Munoz Cebey, Ricardo"]
[Black "Ingunza Curro, Alvaro"]
[Result "1-0"]
[WhiteElo "1723"]
[BlackElo "1150"]
[PlyCount "87"]
[EventDate "2015.03.22"]
[EventType "swiss"]
[EventRounds "9"]
[EventCountry "ESP"]
[Source "lmi"]
[SourceDate "2015.03.22"]

1. c4 c5 2. Nf3 Nf6 3. Nc3 Nc6 4. g3 e6 5. Bg2 Be7 6. O-O O-O 7. d4 cxd4 8.
Nxd4 Nxd4 9. Qxd4 Qc7 10. Rd1 Bc5 11. Qd3 Ng4 12. Ne4 Qb6 13. Nxc5 Qxc5 14. e3
Ne5 15. Qc3 Qxc4 16. Qxe5 Qe2 17. Bd2 d5 18. Bc3 f6 19. Qd6 Rf7 20. Rd2 Qa6 21.
Qxa6 bxa6 22. e4 dxe4 23. Bxe4 Rb8 24. Rd8+ Rf8 25. Bxh7+ Kf7 26. Bg6+ Kg8 27.
Rad1 Bb7 28. Rxf8+ Rxf8 29. Rd7 Rc8 30. Rxb7 Rd8 31. Rxa7 Kf8 32. Rxa6 Rd1+ 33.
Kg2 Ke7 34. Ra7+ Kd6 35. Rxg7 Kc5 36. Rc7+ Kd6 37. Rc8 Kd7 38. Rc4 Ra1 39. a4
Ke7 40. Rd4 Kf8 41. h4 Kg7 42. h5 Kh6 43. a5 Kg5 44. Bd2# 1-0

[Event "24. Torneo San Viator"]
[Site "Madrid ESP"]
[Date "2015.05.24"]
[Round "8.42"]
[White "Olias Ruiz, Enrique"]
[Black "Mora Gonzalez-Rojas, Francisco"]
[Result "0-1"]
[WhiteElo "1207"]
[BlackElo "1586"]
[PlyCount "102"]
[EventDate "2015.03.22"]
[EventType "swiss"]
[EventRounds "9"]
[EventCountry "ESP"]
[Source "lmi"]
[SourceDate "2015.03.22"]

1. e4 e5 2. Nf3 d6 3. d4 exd4 4. Qxd4 Nc6 5. Qc3 Nf6 6. Bd3 h6 7. O-O Be7 8.
Re1 O-O 9. h3 Bd7 10. Be3 a6 11. Nbd2 Nh7 12. Qb3 Rb8 13. Kh2 Ng5 14. Rg1 Nxf3+
15. Nxf3 Bf6 16. Bc4 Na5 17. Qd3 Nxc4 18. Qxc4 Bxb2 19. Rab1 Bf6 20. Ba7 Bb5
21. Qd5 Bc6 22. Qd3 Ra8 23. Be3 Bb5 24. c4 Bc6 25. Rgc1 Re8 26. Nd2 Bg5 27. f4
Bf6 28. g3 g5 29. Rf1 Qe7 30. fxg5 Bxg5 31. Bxg5 Qxg5 32. Rf5 Qe7 33. Rf4 Rac8
34. Qd4 Qe5 35. Rg4+ Kh7 36. Qd3 Rg8 37. Rxg8 Rxg8 38. Rg1 f5 39. Qf3 Bxe4 40.
Nxe4 Qxe4 41. Qh5 Rg6 42. Rg2 b5 43. cxb5 axb5 44. Re2 Qd5 45. Qh4 Qg8 46. Re7+
Rg7 47. Re6 Qxe6 48. g4 f4 49. g5 f3 50. Qxh6+ Qxh6 51. gxh6 Kxh6 0-1

[Event "24. Torneo San Viator"]
[Site "Madrid ESP"]
[Date "2015.05.24"]
[Round "8.49"]
[White "Sirera Andres, Dario"]
[Black "Santos Burkholz, Mario"]
[Result "0-1"]
[WhiteElo "1293"]
[BlackElo "1403"]
[PlyCount "72"]
[EventDate "2015.03.22"]
[EventType "swiss"]
[EventRounds "9"]
[EventCountry "ESP"]
[Source "lmi"]
[SourceDate "2015.03.22"]

1. e4 e6 2. d4 d5 3. exd5 exd5 4. Nf3 h6 5. c4 dxc4 6. Bxc4 Bd6 7. O-O Bg4 8.
h3 Bh5 9. Nc3 Nc6 10. Re1+ Nge7 11. Be3 O-O 12. g4 Bg6 13. g5 Nf5 14. gxh6 gxh6
15. Qd2 Kh7 16. Rad1 Bh5 17. Bd3 Rg8+ 18. Kf1 Nce7 19. Nd5 Nxd5 20. Bxf5+ Kh8
21. Be4 Bxf3 22. Bxf3 Bb4 23. Qc2 Bxe1 24. Rxe1 Nxe3+ 25. Rxe3 c6 26. Qc3 Qf6
27. d5 Qxc3 28. Rxc3 Rac8 29. dxc6 bxc6 30. Rxc6 Rxc6 31. Bxc6 Rc8 32. Bd5 Kg7
33. Ke2 Rc2+ 34. Kf3 Rxb2 35. Kg3 Rb5 36. Bb3 Kf6 0-1

[Event "24. Torneo San Viator"]
[Site "Madrid ESP"]
[Date "2015.05.31"]
[Round "9.1"]
[White "Mazo Fernandez, Roberto"]
[Black "Elissalt Cardenas, Hector"]
[Result "0-1"]
[WhiteElo "1966"]
[BlackElo "2337"]
[PlyCount "72"]
[EventDate "2015.03.22"]
[EventType "swiss"]
[EventRounds "9"]
[EventCountry "ESP"]
[Source "lmi"]
[SourceDate "2015.03.22"]

1. d4 Nf6 2. c4 e6 3. Nc3 Bb4 4. e3 c5 5. Bd3 d6 6. Nge2 Nc6 7. O-O Bxc3 8.
bxc3 O-O 9. e4 e5 10. d5 Ne7 11. f4 exf4 12. Bxf4 Ng4 13. h3 Ne5 14. Bxe5 dxe5
15. Qd2 Qd6 16. Rf3 f6 17. Raf1 Bd7 18. g4 Rf7 19. Ng3 Raf8 20. Nf5 Bxf5 21.
gxf5 g5 22. Kf2 h5 23. Rg3 h4 24. Rg4 Rg7 25. Rfg1 Nc8 26. Ke3 Qc7 27. Rb1 Nd6
28. Qb2 Qa5 29. Qb3 b5 30. Qc2 Rb8 31. Rg2 Rgb7 32. Qe2 Qxc3 33. Qh5 Nxc4+ 34.
Ke2 Qd2+ 35. Kf3 Qxd3+ 36. Kg4 Qxe4# 0-1

[Event "24. Torneo San Viator"]
[Site "Madrid ESP"]
[Date "2015.05.31"]
[Round "9.2"]
[White "Cervino Rossel, Cristobal"]
[Black "Cabanas Bravo, Juan Andres"]
[Result "1-0"]
[WhiteElo "2102"]
[BlackElo "2054"]
[PlyCount "129"]
[EventDate "2015.03.22"]
[EventType "swiss"]
[EventRounds "9"]
[EventCountry "ESP"]
[Source "lmi"]
[SourceDate "2015.03.22"]

1. d4 Nf6 2. Nf3 g6 3. Nbd2 d5 4. b4 a5 5. b5 a4 6. a3 Nbd7 7. Bb2 Nb6 8. e3
Bg7 9. c4 dxc4 10. Nxc4 Nbd5 11. Bd3 Bd7 12. Nce5 O-O 13. O-O Ne8 14. Nxd7 Qxd7
15. Ne5 Bxe5 16. dxe5 Ng7 17. Bc4 Nb6 18. Qxd7 Nxd7 19. Rac1 Rfc8 20. Bd5 Rab8
21. Bd4 b6 22. Bc6 Rd8 23. Rc4 Ne6 24. Rxa4 Ndc5 25. Bxc5 Nxc5 26. Ra7 Rbc8 27.
h3 Rd2 28. Bf3 Ra2 29. Rd1 e6 30. Bc6 Kf8 31. Rd4 Ke7 32. g3 h5 33. Kg2 Rb2 34.
a4 Ra2 35. g4 hxg4 36. hxg4 Ra3 37. Kg3 Ra1 38. Kf3 Ra2 39. Kg3 Ra1 40. f4 Rg1+
41. Kf3 Ra1 42. g5 Ra3 43. Rc4 Nb3 44. Kf2 Na5 45. Rd4 Nb3 46. Rd7+ Kf8 47. Bb7
Rb8 48. Rxc7 Ra2+ 49. Kg3 Re2 50. Bf3 Rxe3 51. Rxf7+ Kg8 52. Kf2 Rc3 53. Rg7+
Kh8 54. Rh7+ Kg8 55. Rag7+ Kf8 56. Rxg6 Rc2+ 57. Kg3 Nd2 58. Rh8+ Kf7 59. Rf6+
Kg7 60. Rxb8 Nf1+ 61. Kg4 Nh2+ 62. Kh5 Nxf3 63. Rb7+ Kg8 64. Rxe6 Kf8 65. Rc6
1-0

[Event "24. Torneo San Viator"]
[Site "Madrid ESP"]
[Date "2015.05.31"]
[Round "9.3"]
[White "Gonzalez Berrendero, Carlos"]
[Black "Garcia Galeote, Lorenzo"]
[Result "1/2-1/2"]
[WhiteElo "1779"]
[BlackElo "1961"]
[PlyCount "88"]
[EventDate "2015.03.22"]
[EventType "swiss"]
[EventRounds "9"]
[EventCountry "ESP"]
[Source "lmi"]
[SourceDate "2015.03.22"]

1. b3 Nf6 2. Bb2 g6 3. e3 Bg7 4. Nc3 O-O 5. f4 d6 6. Nf3 c5 7. Bd3 Nc6 8. a3 a6
9. O-O b5 10. Ne4 Nxe4 11. Bxg7 Kxg7 12. Bxe4 d5 13. Bd3 Qc7 14. c3 e5 15. fxe5
Nxe5 16. Nxe5 Qxe5 17. Qf3 Ra7 18. Bc2 d4 19. exd4 cxd4 20. Rae1 Qd6 21. b4 Rc7
22. Bb3 dxc3 23. dxc3 Bf5 24. Bd5 Rfc8 25. Re3 Re7 26. Rxe7 Qxe7 27. g4 Be6 28.
Qe3 Qd7 29. Qe5+ Kg8 30. Bxe6 Qxe6 31. Qxe6 fxe6 32. Rf3 Rd8 33. Kg2 Kg7 34. h4
Rd1 35. Rf1 Rxf1 36. Kxf1 Kf6 37. Ke2 Ke5 38. Ke3 Kd5 39. Kd3 h5 40. g5 e5 41.
Ke3 Kd6 42. Kd3 Kd5 43. Ke3 Kc6 44. Kd3 Kd5 1/2-1/2

[Event "24. Torneo San Viator"]
[Site "Madrid ESP"]
[Date "2015.05.31"]
[Round "9.4"]
[White "Iturbide Arnedo, Oscar"]
[Black "Gueler Berdasco, Martin"]
[Result "1-0"]
[WhiteElo "2113"]
[BlackElo "1917"]
[PlyCount "69"]
[EventDate "2015.03.22"]
[EventType "swiss"]
[EventRounds "9"]
[EventCountry "ESP"]
[Source "lmi"]
[SourceDate "2015.03.22"]

1. e4 c5 2. Nc3 a6 3. a4 d6 4. g3 g6 5. Bg2 Bg7 6. d3 Nc6 7. f4 e6 8. Nf3 Nge7
9. O-O O-O 10. Be3 Nd4 11. e5 Nef5 12. Bf2 dxe5 13. Nxe5 Qc7 14. Ne4 Nd6 15.
Nxd6 Qxd6 16. c3 Nf5 17. Nc4 Qc7 18. Qb3 Rb8 19. Qb6 Qxb6 20. Nxb6 Rd8 21. Bxc5
e5 22. fxe5 Rxd3 23. Be4 Rd8 24. Bxf5 Bxf5 25. Bd6 Bf8 26. Rfd1 Bc2 27. Rd2 Be4
28. Rd4 Bxd6 29. exd6 f5 30. b4 Kf7 31. c4 Ke6 32. c5 Ke5 33. Rad1 Bc2 34. R1d2
Rf8 35. Nc4+ 1-0

[Event "24. Torneo San Viator"]
[Site "Madrid ESP"]
[Date "2015.05.31"]
[Round "9.5"]
[White "Aguado Solana, Juan"]
[Black "Andalon Gomez, Carlos J"]
[Result "1-0"]
[WhiteElo "2090"]
[BlackElo "2022"]
[PlyCount "87"]
[EventDate "2015.03.22"]
[EventType "swiss"]
[EventRounds "9"]
[EventCountry "ESP"]
[Source "lmi"]
[SourceDate "2015.03.22"]

1. d4 d5 2. c4 e6 3. Nc3 Nf6 4. cxd5 exd5 5. Nf3 c6 6. Bg5 Be7 7. Qc2 g6 8. e3
Bf5 9. Bd3 Bxd3 10. Qxd3 Nbd7 11. O-O O-O 12. Rab1 Re8 13. b4 a6 14. Na4 Ne4
15. Bxe7 Qxe7 16. Rfc1 h5 17. Nc5 Nb6 18. Ne5 Nd6 19. a4 Kg7 20. Rc3 Rab8 21.
Rbc1 Ra8 22. Nxb7 Qxb7 23. Rxc6 Nbc4 24. e4 Rxe5 25. dxe5 Qxc6 26. exd6 Qxd6
27. Rxc4 Qf6 28. exd5 Qa1+ 29. Qf1 Qxa4 30. h3 Rd8 31. Rd4 a5 32. Qe1 Re8 33.
Qc3 Kg8 34. bxa5 Qa2 35. d6 Qb1+ 36. Kh2 Qb8 37. Qc7 Rd8 38. Rf4 Qxc7 39. dxc7
Rc8 40. Rc4 Kf8 41. a6 Ke7 42. a7 Kd7 43. Rd4+ Kc6 44. Rd8 1-0

[Event "24. Torneo San Viator"]
[Site "Madrid ESP"]
[Date "2015.05.31"]
[Round "9.6"]
[White "Lopez De Turiso, Jose Angel"]
[Black "Julian Serra, Rogelio"]
[Result "1/2-1/2"]
[WhiteElo "2046"]
[BlackElo "1984"]
[PlyCount "94"]
[EventDate "2015.03.22"]
[EventType "swiss"]
[EventRounds "9"]
[EventCountry "ESP"]
[Source "lmi"]
[SourceDate "2015.03.22"]

1. e4 g6 2. d4 Bg7 3. Nc3 d6 4. Be3 Nc6 5. Qd2 e5 6. Nge2 exd4 7. Nxd4 Nxd4 8.
Bxd4 Bxd4 9. Qxd4 Qf6 10. O-O-O Qxd4 11. Rxd4 Bd7 12. Nb5 Bxb5 13. Bxb5+ Kf8
14. Re1 Kg7 15. e5 c6 16. Bf1 d5 17. c4 Ne7 18. cxd5 Nxd5 19. Bc4 Rad8 20. Red1
Rd7 21. Bxd5 Rhd8 22. Kc2 cxd5 23. Kd3 Re8 24. Re1 Re6 25. f4 b5 26. Rc1 f6 27.
exf6+ Kxf6 28. Rc5 Rde7 29. Rxb5 Re2 30. Rdxd5 Rxg2 31. Rd6+ Re6 32. Rxe6+ Kxe6
33. a4 Rxh2 34. a5 h5 35. Ke4 Re2+ 36. Kf3 Rc2 37. a6 Rc6 38. Ra5 Rb6 39. Ra2
Rb3+ 40. Ke4 h4 41. Ra1 Rxb2 42. Rh1 Rb4+ 43. Kf3 Kf5 44. Rxh4 g5 45. Rh7 Rb3+
46. Kg2 gxf4 47. Rxa7 Ra3 1/2-1/2